[Event "HCL-A2514"]
[Site "www.playchess.de"]
[Date "2006.01.03"]
[Round "1"]
[White "ippuli"]
[Black "speedmat"]
[WhiteElo "1495"]
[BlackElo "1360"]
[PlyCount "95"]
[Result "1-0"]

1.e4 {Hello again!!}  e5 {Good luck}  2.d4 {Here 
we come....}  exd4 3.c3 {And here....}  dxc3 4.Bc4 
cxb2 5.Bxb2 d6 6.Qb3 Nh6 7.Nf3 Nd7 8.O-O Nc5 9.Qc2 
Bd7 10.e5 Bf5 11.Qe2 Be7 12.exd6 cxd6 13.Bxg7 Rg8 
14.Bxh6 a6 15.Re1 d5 16.Bb3 Ne4 17.Nbd2 Rg6 18.Nh4 
Bxh4 19.Nxe4 {OOppss}  Be6 20.Ba4+ b5 21.Bxb5+ 
axb5 22.Qxb5+ Qd7 23.Nd6+ Ke7 24.Nf5+ Ke8 {Well 
played}  25.Qxd7+ {Thank's, but this is not over, 
after all my troubles...}  Kxd7 26.Nxh4 Rxh6 
27.Nf3 Kd6 28.Nd4 Ra4 29.Nb5+ Kd7 30.Rec1 Ke7 
31.Rc7+ Kf6 32.Nc3 Rah4 33.h3 d4 34.Nd1 Rg6 35.Kh2 
Bd5 36.f3 Kg7 37.Nf2 Be6 38.a4 Rh5 39.a5 Rhg5 
40.g4 h5 41.a6 hxg4 42.fxg4 Bd5 43.a7 Rf6 44.Kg1 
Rf3 45.a8Q Rg3+ 46.Kf1 Bg2+ 47.Qxg2 {Oops....}  
Rxg2 48.Kxg2 1-0

[Event "HCL-C4035"]
[Site "www.playchess.de"]
[Date "2006.01.03"]
[Round "17"]
[White "O_Man"]
[Black "foxcar"]
[WhiteElo "1156"]
[BlackElo "1137"]
[PlyCount "38"]
[Result "0-1"]

1.e4 e5 2.Nf3 Nc6 3.Bc4 Qf6 4.d3 Qg6 5.g3 Bb4+ 
6.c3 Bc5 7.b4 Bd6 8.O-O Be7 9.b5 Na5 10.Nxe5 Qf6 
11.Nxf7 Kf8 12.Nxh8 Nxc4 13.dxc4 g6 14.Nxg6+ Qxg6 
15.f3 Bc5+ 16.Kg2 d6 17.Qd5 Ne7 18.Qd2 Qe6 19.Ba3 
Qh3+ 0-1

[Event "HCL-A2458"]
[Site "www.playchess.de"]
[Date "2006.01.03"]
[Round "14"]
[White "tiit145"]
[Black "PhilipKaveny"]
[WhiteElo "1547"]
[BlackElo "1332"]
[PlyCount "66"]
[Result "0-1"]

1.e4 {Hello!Good luck!}  g6 2.Be2 Bg7 3.c4 d6 4.d4 
c6 5.d5 Nf6 6.f3 cxd5 7.cxd5 O-O 8.Nc3 Nh5 9.g4 
Bxc3+ 10.bxc3 Ng7 11.Bh6 e5 12.dxe6 Qh4+ 13.Kd2 
Qxh6+ 14.Kc2 Nxe6 15.h4 Qg7 16.Qxd6 Rd8 17.Qg3 Nc6 
18.Nh3 Ned4+ 19.Kb1 Nxe2 20.Qf2 Nxc3+ 21.Kc2 Nb4+ 
22.Kb3 Nd3 23.Ng5 Nxf2 24.Rhf1 Ncd1 25.Raxd1 Nxd1 
26.Rxd1 Rxd1 27.e5 Be6+ 28.Nxe6 fxe6 29.Kc2 Rad8 
30.a4 Qc7+ 31.Kb2 R8d2+ 32.Kb3 Qc2+ 33.Ka3 
{Hello!Happy New Year! Tiit}  Qc3+ {Hello Happy 
New year}  0-1

[Event "ACL-A650"]
[Site "www.playchess.de"]
[Date "2006.01.03"]
[Round "8"]
[White "stepas"]
[Black "hakam_kilani"]
[WhiteElo "1500"]
[BlackElo "1500"]
[PlyCount "96"]
[Result "0-1"]

1.e4 c5 2.Bc4 e6 3.d4 cxd4 4.Qxd4 Nc6 5.Qd3 Ne5 
6.Qb3 Nxc4 7.Qxc4 Nf6 8.e5 Nd5 9.Nf3 Be7 10.O-O 
O-O 11.a3 Qc7 12.Qxc7 Nxc7 13.Nc3 b6 14.b4 Bb7 
15.Nd4 Rac8 16.Ncb5 Nxb5 17.Nxb5 Rxc2 18.Nxa7 Ra8 
19.Nb5 Bxb4 20.Nd4 Rc4 21.Bb2 Bc5 22.Rfd1 Bd5 
23.Nb5 Rc2 24.Bd4 Bc6 25.Bxc5 Rxc5 26.Nc7 Rc8 
27.Na6 Rxe5 28.Nb4 Ba4 29.Rd6 Bc6 30.Nxc6 dxc6 
31.Rad1 Kf8 32.h3 Rd5 33.R1xd5 exd5 34.Rd7 Ke8 
35.Rb7 b5 36.Kh2 d4 37.a4 d3 38.axb5 cxb5 39.Rxb5 
d2 40.Rd5 Rd8 41.Rxd8+ Kxd8 42.f3 d1Q 43.Kg3 Ke7 
44.Kh4 Ke6 45.f4 h5 46.g4 hxg4 47.hxg4 f5 48.g5 
Qg4+ 0-1

[Event "HCL-B3809"]
[Site "www.playchess.de"]
[Date "2006.01.03"]
[Round "5"]
[White "WStanEvans"]
[Black "dynamike"]
[WhiteElo "1200"]
[BlackElo "1463"]
[PlyCount "44"]
[Result "0-1"]

1.e4 {Greetings!}  c5 2.Nc3 e6 3.Nf3 a6 4.g3 Nc6 
5.Bg2 Qc7 6.O-O Nf6 7.d3 d6 8.Nd2 Be7 9.f4 O-O 
10.h3 Rd8 11.g4 b5 12.Ne2 Bb7 13.Ng3 d5 14.e5 Ne8 
15.c3 b4 16.d4 bxc3 17.bxc3 cxd4 18.cxd4 Nxd4 
19.Nb3 Nxb3 20.Qxb3 Rab8 21.Qd3 Bc6 22.Be3 
Bb5 0-1

[Event "HCL-E1525"]
[Site "www.playchess.de"]
[Date "2006.01.03"]
[Round "7"]
[White "Matu"]
[Black "BohdanL"]
[WhiteElo "1538"]
[BlackElo "1499"]
[PlyCount "57"]
[Result "1-0"]

1.d4 Nf6 2.Nf3 d6 3.g3 c6 4.Bg2 Nbd7 5.O-O e5 
6.dxe5 dxe5 7.c4 Be7 8.b3 O-O 9.Bb2 Qc7 10.Nbd2 
Rd8 11.Qc2 h6 12.Rfd1 Bd6 13.Ne4 Nxe4 14.Qxe4 Nf6 
15.Qc2 e4 16.Bxf6 exf3 17.Bxd8 Qxd8 18.Bxf3 Qf6 
19.Qd3 Be7 20.Be4 g6 21.h4 h5 22.a3 Be6 23.b4 Rd8 
24.Qf3 Rxd1+ 25.Rxd1 Qb2 26.Qe3 Bxc4 27.Bxg6 Bxe2 
28.Bxf7+ Kxf7 29.Re1 1-0

[Event "HCL-A2518"]
[Site "www.playchess.de"]
[Date "2006.01.03"]
[Round "6"]
[White "Alex77"]
[Black "lunchpail"]
[WhiteElo "1447"]
[BlackElo "1314"]
[PlyCount "54"]
[Result "0-1"]

1.e4 e5 2.Nf3 d6 3.Bc4 Be7 4.Nc3 Nf6 5.O-O O-O 
6.d4 Nbd7 7.Bg5 c6 8.Re1 Ne8 9.Bxe7 Qxe7 10.d5 c5 
11.Qd2 Nb6 12.Be2 f5 13.Ng5 f4 14.Nf3 g5 15.h3 h5 
16.Nh2 Nf6 17.Nb5 g4 18.hxg4 hxg4 19.c4 a6 20.Nc3 
Qh7 21.a3 Kf7 22.g3 f3 23.Bxf3 gxf3 24.Nxf3 Qh5 
25.Ng5+ Ke7 26.Kg2 Rg8 27.Nf3 Qh3+ 0-1

[Event "HCL-A2482"]
[Site "www.playchess.de"]
[Date "2006.01.03"]
[Round "11"]
[White "AidyT"]
[Black "Matu"]
[WhiteElo "1345"]
[BlackElo "1428"]
[PlyCount "96"]
[Result "0-1"]

1.e4 {Hi again}  e5 2.Nf3 Nc6 {hi 
again
}  3.Bb5 d6 4.O-O Bd7 5.Re1 Be7 6.c3 a6 7.Ba4 b5 
8.Bc2 Nf6 9.d4 exd4 10.cxd4 O-O 11.Nc3 Nb4 12.Bg5 
h6 13.Bh4 Bg4 14.Bd3 Nxd3 15.Qxd3 Bxf3 16.Qxf3 Nd7 
17.Bg3 c5 18.d5 Nb6 19.Rad1 Bf6 20.e5 Bxe5 21.Bxe5 
dxe5 22.Rxe5 Nd7 23.Rh5 Qf6 24.Qxf6 Nxf6 25.Rf5 
Rad8 26.d6 Rfe8 27.Rxc5 Rxd6 28.Rc1 Ne4 29.Nxe4 
Rxe4 30.R5c8+ Kh7 31.h3 Re2 32.b3 Rxa2 33.R8c6 
Rxc6 34.Rxc6 Ra3 35.Rb6 Rxb3 36.Rxa6 Rb1+ 37.Kh2 
b4 38.Rb6 b3 39.Kg3 h5 40.Kf3 g5 41.g4 h4 42.Rb5 
Kg6 43.Rb6+ f6 44.Kg2 b2 45.Kh2 Kf7 46.Kg2 Ke7 
47.f3 Kd7 48.Kf2 Rh1 0-1

[Event "HCL-B3688"]
[Site "www.playchess.de"]
[Date "2006.01.03"]
[Round "30"]
[White "Felipe_Lungov"]
[Black "valpa"]
[WhiteElo "1213"]
[BlackElo "1145"]
[PlyCount "89"]
[Result "1-0"]

1.d4 d5 2.c4 e5 3.dxe5 d4 4.Nf3 Nc6 5.e3 Bb4+ 
6.Ke2 dxe3 7.Qxd8+ Nxd8 8.Bxe3 Ne7 9.Nd4 Ng6 10.f4 
Bg4+ 11.Kf2 O-O 12.Bd2 Bxd2 13.Nxd2 Bd7 14.g3 Ne6 
15.Nxe6 Bxe6 16.b3 f6 17.exf6 Rxf6 18.Bg2 c6 
19.Rhe1 Bd7 20.Ne4 Re6 21.Bh3 Re7 22.Bxd7 Rxd7 
23.Nc5 Rf7 24.Rad1 Rc8 25.Ne6 Nf8 26.Rd2 Nxe6 
27.Rxe6 g6 28.Kf3 Kg7 29.c5 Rcf8 30.b4 Rc7 
{(offering draw)}  31.Red6 {sorry, but i think my 
material advantage may be decisive}  Rff7 32.a4 
Rfe7 33.b5 cxb5 34.axb5 Ref7 35.b6 axb6 36.cxb6 
Rce7 37.Kg4 h6 38.h4 Kh7 39.h5 gxh5+ 40.Kxh5 Rf5+ 
41.Kg4 Rff7 42.Kf3 Rfg7 43.f5 Rgf7 44.Kf4 Rfg7 
45.Rh2 1-0

[Event "HCL-A2534"]
[Site "www.playchess.de"]
[Date "2006.01.03"]
[Round "6"]
[White "mrchess"]
[Black "seisan"]
[WhiteElo "1446"]
[BlackElo "1491"]
[PlyCount "61"]
[Result "1-0"]

1.d4 {good luck}  Nf6 2.Bg5 Ne4 {same to you.}  
3.Bh4 d5 4.Nf3 c6 5.e3 Bg4 6.Be2 Qb6 7.Qc1 e6 
8.Nbd2 Bb4 9.c3 Bd6 10.Nxe4 dxe4 11.Nd2 Bxe2 
12.Kxe2 f5 13.Nc4 Qc7 14.Nxd6+ Qxd6 15.Bg3 Qe7 
16.Bxb8 Rxb8 17.Rg1 O-O 18.g4 fxg4 19.Rxg4 Qf6 
20.Qg1 Qf3+ 21.Ke1 Rf7 22.Rd1 b5 23.Rd2 Kh8 24.Qg3 
Qxg3 25.hxg3 a5 26.Rxe4 b4 27.cxb4 axb4 28.Rxe6 
Rc7 29.Rc2 b3 30.axb3 Rxb3 31.Re8+ 1-0

[Event "HCL-E1487"]
[Site "www.playchess.de"]
[Date "2006.01.03"]
[Round "36"]
[White "PLAYCHESS1963"]
[Black "Vinci"]
[WhiteElo "1776"]
[BlackElo "1621"]
[PlyCount "40"]
[Result "1/2-1/2"]

1.e4 e6 {hi and enoy it}  2.d4 {HELLO}  d5 3.Nd2 
c5 4.c3 cxd4 5.cxd4 Nc6 6.Ngf3 {hi}  Bb4 7.Bb5 
dxe4 8.Ne5 Nge7 9.a3 Bxd2+ 10.Qxd2 O-O 11.Nxc6 
bxc6 12.Bc4 Nd5 13.O-O f5 14.b4 f4 15.Qe1 f3 
16.Qxe4 fxg2 17.Re1 Qf6 18.Be3 a5 19.b5 Nxe3 
20.Qxe3 cxb5 {(offering draw)} 
 1/2-1/2

[Event "HCL-C3939"]
[Site "www.playchess.de"]
[Date "2006.01.03"]
[Round "9"]
[White "Jeffery_Lau"]
[Black "mothball"]
[WhiteElo "1036"]
[BlackElo "1277"]
[PlyCount "54"]
[Result "0-1"]

1.e4 c6 2.d4 d5 3.e5 Bf5 4.Nf3 Bg4 5.Be2 e6 6.h3 
Bxf3 7.Bxf3 Nd7 8.Nc3 Bb4 9.a3 Bxc3+ 10.bxc3 Ne7 
11.O-O Ng6 12.Bh5 Ndf8 13.Rb1 Qe7 14.Qg4 O-O-O 
15.f4 f5 16.exf6 gxf6 17.f5 exf5 18.Qxf5+ Nd7 
19.a4 Rhg8 20.Bg4 Rge8 21.Bh5 Qe4 22.Bg4 Qxf5 
23.Rxf5 Re4 24.Rxf6 Rxg4 25.Rf7 Rg3 26.Rxh7 Rxc3 
27.Bg5 Re8 0-1

[Event "HCL-A2548"]
[Site "www.playchess.de"]
[Date "2006.01.03"]
[Round "10"]
[White "Wernswig"]
[Black "Alex77"]
[WhiteElo "1423"]
[BlackElo "1435"]
[PlyCount "50"]
[Result "0-1"]

1.e4 {hi, have a nice game}  e5 {you too}  2.f4 
exf4 3.Nf3 Be7 4.d4 g5 5.Ne5 d6 6.Nd3 Nc6 7.c3 Nf6 
8.Be2 Nxe4 9.Bh5 Bf5 10.O-O Qd7 11.Nd2 Nxd2 
12.Qxd2 Bg6 13.Bf3 O-O-O 14.Qf2 Bxd3 15.Re1 f5 
16.Bxc6 bxc6 17.Bd2 Be4 18.b4 c5 19.d5 Bxd5 
20.bxc5 dxc5 21.Qe2 Bf6 22.Qa6+ Bb7 23.Qe2 Qxd2 
24.Qe6+ Kb8 25.Qxf6 Qxg2+ 0-1

[Event "HCL-B3776"]
[Site "www.playchess.de"]
[Date "2006.01.03"]
[Round "9"]
[White "newplayer"]
[Black "epenz"]
[WhiteElo "1113"]
[BlackElo "1003"]
[PlyCount "125"]
[Result "1-0"]

1.e4 e5 2.d4 f6 3.dxe5 fxe5 4.h4 g6 5.h5 Nf6 
6.hxg6 hxg6 7.Rxh8 d6 8.Bg5 Be6 9.Nf3 Nc6 10.Nh4 
Bf7 11.Qf3 Nd4 12.Qd3 Qe7 13.c3 Nc6 14.g3 O-O-O 
15.Nf3 Be6 16.a4 Qg7 17.Rh4 Be7 18.a5 a6 19.b4 d5 
20.Bh6 Qg8 21.Ng5 Nxe4 22.Nxe6 Qxe6 23.Bh3 Qxh3 
24.Rxh3 g5 25.Nd2 Nxd2 26.Qxd2 g4 27.Rh5 d4 
28.cxd4 Bxb4 29.Qxb4 Nxb4 30.Bg5 Rxd4 31.Rh8+ Kd7 
32.Rh7+ Kc8 33.Kf1 Nc6 34.Be3 Rd7 35.Rh4 Rg7 
36.Rd1 Rg8 37.Rd5 Kb8 38.Bd2 Kc8 39.Bg5 Nxa5 
40.Rxe5 b5 41.Rxg4 Nc4 42.Rc5 Rg6 43.Rh4 Kb7 
44.Rh7 Kb6 45.Rf5 a5 46.Bd8 Rc6 47.g4 a4 48.g5 a3 
49.Rf6 a2 50.Rxc6+ Kxc6 51.Rxc7+ Kd5 52.Ra7 Ne5 
53.Rxa2 Kc4 54.Bf6 Ng6 55.Ra3 b4 56.Ra8 b3 57.Rb8 
Nf4 58.Be5 Ng6 59.f4 Ne7 60.Rb7 Nf5 61.g6 Ne3+ 
62.Ke2 Nc2 63.g7 1-0

[Event "HCL-B3774"]
[Site "www.playchess.de"]
[Date "2006.01.03"]
[Round "10"]
[White "Wilmy"]
[Black "nichju"]
[WhiteElo "1217"]
[BlackElo "1007"]
[PlyCount "35"]
[Result "1-0"]

1.e4 {Hallo aus Berlin und eine schöne 
Vorweihnachtszeit!
Wilm}  e5 {Hallo aus Allendorf (ca. 70 km nördlich 
von Ffm)! Ich wünsche auch ruhige 
Vorweihnachtstage. nichju}  2.Nf3 {Danke sehr! 
Habe jahrelang gerne in Oberusel(Ts) gewohnt und 
gearbeitet, dann in Hanau. War super dort! - Bin 
Berliner und jetzt wieder in und bei Berlin am 
Wirken.
Wilmy}  Nc6 {Ja, der Taunus ist ganz schön. Aber 
ein Berliner fühlt sich letztendlich in seiner 
Stadt am wohlsten, oder?}  3.Bc4 {Berliner kehren 
immer wieder zurück in ihre alte Viermächtestadt, 
auch wenn sie gern jahrelang auswärts leben.}  Nf6 
4.O-O Bc5 5.Ng5 h6 6.Nxf7 Rf8 7.Nxd8 Kxd8 8.Nc3 
Nd4 9.d3 {Merry Xmas!}  d6 {Besinnliche 
Weihnachten}  10.a3 Ng4 11.h3 {Danke gleichfalls! 
Nun ist es sogar eine richtig schön-romantische 
Weiße Weihnacht geworden, wie schon lange nicht 
mehr.}  Nf6 12.Be3 g5 13.Bxd4 Bxd4 14.Qd2 g4 
15.Qxh6 gxh3 16.Qxf8+ {Frohes Neues Jahr!}  Ne8 
17.Nd5 Bg4 18.Qe7+ 1-0

[Event "HCL-E1513"]
[Site "www.playchess.de"]
[Date "2006.01.03"]
[Round "1"]
[White "Amir_Bagheri"]
[Black "siroos"]
[WhiteElo "2000"]
[BlackElo "1973"]
[PlyCount "20"]
[Result "0-1"]

1.e4 c5 {salam.haleton khobe?az shatrang dar 
faranse che khabar?}  2.Nf3 {17
}  e6 {17 yani chi?}  3.d4 {sorry i was talking to 
someone else, chess in france is ok no really 
anything new, I just made 3rd at Capelle la 
grande. I am a bit tired. still playing for clichy 
and NAO what about you? do we know each 
other?
}  cxd4 {man az shiraz hastam.ye bazikon dar sathe 
ostani.khoshhalam ba shoma bazi mikonam.shoma ye 
bar shiraz omade bodid.baraye mosabeghate 
bashgahi}  4.Nxd4 a6 5.Nc3 Nc6 6.g3 Qc7 7.Bg2 Nf6 
8.O-O Be7 9.Re1 O-O 10.Nxc6 dxc6 0-1

[Event "HCL-B3595"]
[Site "www.playchess.de"]
[Date "2006.01.03"]
[Round "1"]
[White "Ivan_Lacerda"]
[Black "Bob-O"]
[WhiteElo "1222"]
[BlackElo "1216"]
[PlyCount "141"]
[Result "1-0"]

1.e4 e5 {Hello and good luck.....}  2.Nf3 {Ok, 
thanks, for you too.}  d6 3.Bc4 Nf6 4.Nc3 c6 5.d4 
Nbd7 6.Bg5 Qa5 7.Bd2 Qb4 8.Bb3 exd4 9.Ne2 Qb6 
10.Nexd4 Nxe4 11.Be3 c5 12.Ne2 Ne5 13.Nxe5 dxe5 
14.f3 Nf6 15.Bg5 g6 16.Bxf6 Qxf6 17.O-O Qb6 18.Kh1 
Qf6 19.Ba4+ Ke7 20.Nc3 Qd6 21.Nd5+ Ke6 22.Bb3 Kd7 
23.c4 Ke6 24.Re1 g5 25.Ne3 Qxd1 26.Raxd1 Bg7 
27.Nd5 Rb8 28.Nc3 b6 29.Rd5 Bb7 30.Rd3 a5 31.a4 f6 
32.Nb5 Rhd8 33.Nc7+ Kf7 34.Red1 Rd4 35.R3xd4 exd4 
36.Bc2 Rc8 37.Nb5 Ba6 38.Nd6+ Kg8 39.Nxc8 Bxc8 
40.b3 f5 41.Re1 Bd7 42.Re7 Bc6 43.Bxf5 h6 44.Rc7 
Be8 45.Rc8 Kf7 46.Rb8 Kf6 47.g4 Bf7 48.Rxb6+ Ke5 
49.Bd3 Bf8 50.Rb5 Kf4 51.Kg2 Ke3 52.Bf5 Ke2 
53.Rxa5 d3 54.Ra8 d2 55.Bc2 Bg6 56.Bxg6 d1Q 
57.Re8+ Kd2 58.Rd8+ Kc1 59.Rxd1+ Kxd1 60.a5 Bd6 
61.h4 Kd2 62.a6 Bb8 63.hxg5 hxg5 64.b4 Ba7 65.b5 
Kc3 66.Bf7 Bb6 67.Kg3 Kd4 {Sorry I took so lomg to 
move - I got very busy and had to take some time 
away from chess.}  68.f4 {No problem, take it easy 
my friend.}  Ke4 {Thank you - and Happy New Year 
to you and your family!}  69.fxg5 {Thank you, for 
you and your family too, my brother.}  Ke5 {How 
was you New Year's? Mine was quiet, which I 
liked.}  70.Kh4 {Mine was the same. I prefer this 
way.}  Kd6 {I think you win no matter what I do - 
I can only stretch out the time. You have too many 
pawns for me to stop.}  71.g6 {It´s true. My 
position is better now.}  1-0

[Event "ACL-E210"]
[Site "www.playchess.de"]
[Date "2006.01.03"]
[Round "9"]
[White "wolter"]
[Black "JanP"]
[WhiteElo "2026"]
[BlackElo "1791"]
[PlyCount "101"]
[Result "1-0"]

1.e4 {Ik wens je een prettige partij, groeten uit 
Vught}  c5 {Hetzelfde, maar dan uit Elspeet 
(Veluwe)}  2.Nf3 d6 3.d4 cxd4 4.Nxd4 Nf6 5.Nc3 g6 
6.Be3 Bg7 7.f3 Nc6 8.Qd2 O-O 9.Bc4 Bd7 10.O-O-O 
Qa5 11.Bb3 Rfc8 12.h4 Ne5 13.h5 Nxh5 14.Bh6 Bxh6 
15.Qxh6 Rxc3 16.bxc3 Nf6 17.Kb1 Rc8 18.Ne2 Be6 
19.Ka1 Bc4 20.Bxc4 Rxc4 21.Rd4 Rxc3 22.Qd2 Rc5 
23.Qxa5 Rxa5 24.Rb4 b6 25.Nd4 Rc5 26.Rb5 Rc8 
27.Rb3 Kg7 28.Rd1 Nc4 {Ik vind het erg 
remise-achtig worden. Vind je dat ook of speel je 
liever nog even door?}  29.Rc3 {Remise lijkt 
inderdaad het meest waarschijnlijk, maar ik wil 
het nog even proberen!}  a6 30.Nb3 b5 31.Na5 e6 
32.Nxc4 d5 33.Kb2 b4 34.Rcd3 Rxc4 35.R3d4 Rxd4 
36.Rxd4 a5 37.Kb3 dxe4 38.fxe4 e5 39.Rc4 Ng4 
40.Rc5 Ne3 41.Rxe5 h5 42.Rxa5 {Daar heb ik even 
tijd voor nodig gehad. De zet lag voor de hand, 
maar ik zie veel risico's. Maar eens kijken hoe 
het afloopt.
Fijne kerstdagen en een goed nieuwjaar!}  h4 
{Hetzelfde van harte toegewenst!}  43.Rb5 Nxg2 {'t 
Is inderdaad wel leuk, dat je besloot nog even 
door te spelen: interessant eindspel- dat zouden 
we anders gemist hebben.}  44.Kxb4 {kansen en 
afgronden aan beide kanten!}  Ne1 {te moeilijk 
voor mij denk ik...}  45.Kc3 Nf3 46.Kd3 h3 47.Rb1 
g5 48.a4 Kg6 49.Ke3 Ne5 50.Kf2 Nc4 
51.Kg3 1-0

[Event "HCL-B3768"]
[Site "www.playchess.de"]
[Date "2006.01.03"]
[Round "1"]
[White "KAzUl_4"]
[Black "sundfar"]
[WhiteElo "1212"]
[BlackElo "1298"]
[PlyCount "88"]
[Result "0-1"]

1.d4 Nf6 2.Nc3 e6 3.Nf3 d5 4.Bg5 Bb4 5.Bxf6 Qxf6 
6.e3 O-O 7.Bd3 c5 8.O-O cxd4 9.exd4 Nc6 10.a3 Bd6 
11.Nb5 Bf4 12.g3 Bh6 13.Qe2 Bd7 14.b3 a6 15.Nd6 b5 
16.Ne5 Nxe5 17.dxe5 Qe7 18.c4 f6 19.exf6 Qxd6 
20.fxg7 Bxg7 21.Qh5 h6 22.Rad1 d4 23.Rde1 e5 
24.Re4 Rf5 25.Qh4 Raf8 26.g4 Qg6 27.Rxe5 Qg5 
28.Qxg5 Rxg5 29.Rxg5 hxg5 30.h3 Rf3 31.Bf5 Bc6 
32.Re1 Rxh3 33.Be4 Bxe4 34.Rxe4 Rxb3 35.f4 Rg3+ 
36.Kf2 Rxg4 37.Kf3 Rg1 38.f5 bxc4 39.Re6 c3 40.f6 
Rf1+ 41.Ke2 Rxf6 42.Rxf6 Bxf6 43.Kd3 g4 44.Ke2 
g3 0-1

[Event "HCL-B3805"]
[Site "www.playchess.de"]
[Date "2006.01.03"]
[Round "9"]
[White "RUDI"]
[Black "Skipper_Robert"]
[WhiteElo "1288"]
[BlackElo "813"]
[PlyCount "107"]
[Result "1-0"]

1.e4 {Ich grüße Dich!}  e5 {Guten Morgen}  2.Nc3 
Nc6 3.Bc4 Bc5 4.Nf3 Nf6 5.d3 h6 6.O-O d6 7.Nd5 
Nxd5 8.Bxd5 Ne7 9.a3 c6 10.Bb3 Qb6 11.Nh4 g5 
12.Nf3 f6 13.Nd2 Qc7 14.Qh5+ Kd8 15.Qf7 Ng8 
16.Qxc7+ Kxc7 17.Ba2 Ne7 18.c3 d5 19.b4 Bd6 20.Bb2 
Ng6 21.g3 Bg4 22.f3 Be6 23.exd5 cxd5 24.c4 Bf5 
25.cxd5 Bxd3 26.Rfc1+ Kd7 27.Rc3 Bb5 28.Rac1 Rhc8 
29.R3xc8 Rxc8 30.Rxc8 Kxc8 31.Kf2 f5 32.Bb1 Ne7 
33.Kg2 Be2 34.Kf2 Bb5 35.Ba2 Ng6 36.Bb3 b6 37.Bc3 
g4 38.fxg4 fxg4 39.Ne4 Kc7 40.Nxd6 Kxd6 41.a4 Bd3 
42.Ke3 e4 43.b5 a5 44.bxa6 Bxa6 45.Kxe4 Ne7 
46.Bb4+ Kd7 47.Bxe7 Kxe7 48.Ke5 Bc8 49.Bc4 h5 
50.Bb5 Bb7 51.Bc6 Bxc6 52.dxc6 Kd8 53.Kd6 {das war 
knapp, aber der geht durch}  Kc8 
54.c7 1-0

[Event "HCL-C4027"]
[Site "www.playchess.de"]
[Date "2006.01.03"]
[Round "9"]
[White "also"]
[Black "Grunert"]
[WhiteElo "1044"]
[BlackElo "909"]
[PlyCount "35"]
[Result "1-0"]

1.e4 e5 2.Qh5 Nf6 3.Qxe5+ Be7 4.Nf3 O-O 5.Bd3 Re8 
6.Qf5 d6 7.e5 dxe5 8.Qg5 Nc6 9.Nh4 g6 10.Nxg6 fxg6 
11.Bxg6 {merry christmas}  hxg6 {yes, merry 
christmas}  12.Qxg6+ Kh8 13.h4 Rg8 14.Qh6+ Nh7 
15.d4 {happy new year}  Nxd4 16.Bg5 Bxg5 {yes, 
happy new year!}  17.hxg5 Qxg5 18.Qxh7+ {checkmate 
sry}  1-0

[Event "HCL-B3804"]
[Site "www.playchess.de"]
[Date "2006.01.03"]
[Round "3"]
[White "PhilipKaveny"]
[Black "aquiles"]
[WhiteElo "1372"]
[BlackElo "1341"]
[PlyCount "47"]
[Result "1-0"]

1.e4 e5 2.Bc4 d6 3.d4 exd4 4.Nf3 Bg4 5.O-O Nf6 
6.Re1 Nc6 7.h3 Bxf3 8.Qxf3 Be7 9.Bb5 O-O 10.Bxc6 
bxc6 11.Nd2 h6 12.e5 dxe5 13.Qxc6 Bd6 14.Ne4 Nxe4 
15.Qxe4 f5 16.Qd5+ Kh8 17.c4 c5 18.Qb7 e4 19.a3 
Qf6 20.b4 d3 21.bxc5 Qxa1 22.cxd6 Qa2 23.Bb2 Rab8 
24.Qxg7+ 1-0

[Event "HCL-B3691"]
[Site "www.playchess.de"]
[Date "2006.01.03"]
[Round "8"]
[White "lcarvalho"]
[Black "Playerkill"]
[WhiteElo "1200"]
[BlackElo "1200"]
[PlyCount "40"]
[Result "0-1"]

1.e4 e5 2.Nf3 d6 3.Nc3 Nf6 4.Bc4 h6 5.O-O Bd7 
{hello?}  6.d3 {hello}  c6 7.Nh4 b5 8.Bb3 Bg4 9.f3 
Bd7 10.Nf5 g6 11.Ng3 Be6 12.Bxe6 fxe6 13.f4 Nbd7 
14.fxe5 dxe5 15.d4 exd4 16.Qxd4 Bc5 17.Qxc5 Nxc5 
18.e5 Qd4+ 19.Rf2 Ng4 20.Nge2 Qxf2+ 0-1

[Event "HCL-B3793"]
[Site "www.playchess.de"]
[Date "2006.01.03"]
[Round "10"]
[White "mrchess"]
[Black "nichju"]
[WhiteElo "1431"]
[BlackElo "981"]
[PlyCount "49"]
[Result "1-0"]

1.d4 {good luck}  d5 {Hallo, ebenso viel Glück}  
2.e3 e5 3.dxe5 Nc6 4.Nf3 Bg4 5.Nbd2 Bc5 6.Be2 Nge7 
7.c3 Nf5 8.Qa4 Bh5 9.Nd4 Bxe2 10.Kxe2 Qd7 11.Nxc6 
bxc6 12.Qc2 O-O 13.f4 Bxe3 14.Nf3 d4 15.Rd1 c5 
16.b3 Qb5+ 17.c4 Qd7 18.Qd3 Rae8 19.Bxe3 Nxe3 
20.Qxe3 f6 21.Qd3 fxe5 22.fxe5 Qg4 23.Kf2 Qh4+ 
24.Kg1 h5 25.Nxh4 1-0

[Event "HCL-A2507"]
[Site "www.playchess.de"]
[Date "2006.01.03"]
[Round "6"]
[White "evets"]
[Black "Dams"]
[WhiteElo "1480"]
[BlackElo "1277"]
[PlyCount "76"]
[Result "0-1"]

1.Nf3 c5 2.d4 cxd4 3.Nxd4 e5 4.Nf3 Nc6 5.Nc3 Bb4 
6.e4 Bxc3+ 7.bxc3 Nge7 8.Ba3 O-O 9.Bd6 Qa5 10.Qd2 
Re8 11.Bc4 b5 12.Bd5 Nxd5 13.exd5 Ne7 14.Nxe5 Nf5 
15.f4 Nxd6 16.O-O Ne4 17.Qd4 Nxc3 18.Rf2 d6 19.Nc6 
Qa3 20.Qb4 Qxb4 21.Nxb4 Bb7 22.Rd2 Rac8 23.Rf1 a5 
24.Nc6 Bxc6 25.dxc6 Rxc6 26.Rf3 Nxa2 27.Ra3 Nc3 
28.Rxa5 d5 29.Kf1 g6 30.Rd3 Kg7 31.Rg3 Ne2 32.Rg5 
Rxc2 33.Rxb5 Nxf4 34.Rg4 Nd3 35.Rb1 Rb2 36.Rd1 Nf2 
37.Rb1 Rxb1+ 38.Kxf2 Rd1 0-1

[Event "HCL-A2504"]
[Site "www.playchess.de"]
[Date "2006.01.03"]
[Round "9"]
[White "ppadala"]
[Black "kinghunter"]
[WhiteElo "1333"]
[BlackElo "1785"]
[PlyCount "34"]
[Result "0-1"]

1.e4 d6 2.d4 Nf6 3.Nc3 c6 4.Nf3 Bg4 5.h3 Bh5 6.Bc4 
e6 7.Be3 Be7 8.Qe2 O-O 9.g4 Bg6 10.e5 Nd5 11.Nxd5 
cxd5 12.Bb3 Nc6 13.O-O-O Qc7 14.Bf4 Be4 15.Rhg1 
Rfc8 16.Nd2 Nxd4 17.Qe3 Nxb3+ 0-1

[Event "HCL-A2539"]
[Site "www.playchess.de"]
[Date "2006.01.03"]
[Round "2"]
[White "ippuli"]
[Black "Matu"]
[WhiteElo "1637"]
[BlackElo "1534"]
[PlyCount "83"]
[Result "1-0"]

1.e4 {Hi again! Good luck...}  g6 {hi again}  2.d4 
Bg7 3.Nf3 d6 4.Nc3 Bg4 5.Bc4 e6 6.Be3 Nd7 7.h3 
Bxf3 8.Qxf3 Ne7 9.h4 a5 10.h5 Nb6 11.hxg6 hxg6 
12.Rxh8+ Bxh8 13.Qh3 Nxc4 14.Qxh8+ Kd7 15.Qxd8+ 
Rxd8 16.O-O-O Nxe3 17.fxe3 Rh8 18.Rf1 f5 19.a3 Rh4 
20.exf5 gxf5 21.b4 axb4 22.axb4 {Merry 
christmas...}  Rg4 {Merry christmas}  23.Rf2 Ng6 
24.b5 Nh4 25.d5 e5 26.Kd2 Ke7 27.Ne2 Rxg2 28.Rxg2 
Nxg2 29.Ng3 Kf6 30.Ke2 Kg5 31.c4 Kg4 32.Kf2 Nxe3 
33.Kxe3 Kxg3 34.c5 f4+ 35.Ke2 Kg2 36.b6 f3+ 37.Kd2 
f2 38.bxc7 f1Q 39.c8Q Qf2+ 40.Kd1 {(offering 
draw)}  Qxc5 41.Qxc5 {??? You did not accept the 
draw and now you are giving me the win!! Thank 
you...}  dxc5 42.d6 1-0

[Event "HCL-B3738"]
[Site "www.playchess.de"]
[Date "2006.01.03"]
[Round "16"]
[White "epenz"]
[Black "tbouma"]
[WhiteElo "983"]
[BlackElo "1140"]
[PlyCount "95"]
[Result "1-0"]

1.e4 {hi}  e5 {hi, again! good luck!}  2.Nf3 Nc6 
3.Bc4 Nf6 4.d3 Bc5 5.h3 O-O 6.O-O d6 7.Re1 Nd4 
8.Nbd2 b5 9.Bb3 Bb7 10.c3 Nxf3+ 11.Nxf3 Qd7 12.Bg5 
Qe7 13.d4 Bb6 14.Bxf6 Qxf6 15.a3 Rad8 16.a4 b4 
17.a5 Bxd4 18.cxd4 exd4 19.a6 Ba8 20.Qd2 Rfe8 
21.Qxd4 c5 22.Qxf6 gxf6 23.Nd2 f5 24.exf5 Kg7 
25.g4 d5 26.h4 c4 27.Ba4 Ref8 28.Bb5 Rdc8 29.Rac1 
Rc5 30.Be8 Ra5 31.Nf3 Ra2 32.Rcb1 Rxa6 33.Ne5 Rxe8 
34.g5 c3 35.b3 Ra2 36.h5 f6 37.h6+ Kg8 38.g6 Rxe5 
39.Rxe5 fxe5 {merry christmas - summer in 
argentina, yes?}  40.Kg2 {merry christmas for you 
too...yes, summer..christmas in the swimming 
pool!!!}  d4+ 41.Kg3 c2 {there's snow here in 
ottawa - no swimming until june!!!}  42.Re1 Rb2 
43.Kg4 Rxb3 44.Kg5 e4 45.Kf6 Kh8 46.Kf7 Bd5+ 
47.Kf8 Bg8 48.g7+ 1-0

[Event "HCL-B3801"]
[Site "www.playchess.de"]
[Date "2006.01.03"]
[Round "9"]
[White "Snillie"]
[Black "haidi"]
[WhiteElo "1467"]
[BlackElo "861"]
[PlyCount "41"]
[Result "1-0"]

1.c4 e5 2.g3 e4 3.Bg2 f5 4.d3 Nf6 5.Bg5 Be7 6.Nc3 
c6 7.Qc2 Qc7 8.dxe4 fxe4 9.Nxe4 Qe5 10.Bxf6 Bxf6 
11.Nxf6+ gxf6 12.Nf3 Qe6 13.O-O d6 14.Rad1 d5 
15.cxd5 cxd5 16.Nd4 Qd7 17.Bxd5 Qxd5 18.Qxc8+ Qd8 
19.Qxb7 Nd7 20.Ne6 Qb8 21.Qxd7+ 1-0